| 000 | 00627nam a2200205Ia 4500 | ||
|---|---|---|---|
| 003 | GCL | ||
| 008 | 140319s9999 xx 000 0 ara d | ||
| 040 |
_aGCL / _cGCL |
||
| 082 | 0 | 4 |
_a616.342 _bع ث |
| 100 | 1 | _aعبدالرحمن نورالدين | |
| 245 | 1 | 0 |
_aثالوث البطن الارهابى: الامساك, الاسهال, الغازات / _cعبدالرحمن نورالدين |
| 300 | _a67 ص | ||
| 490 |
_aاوجاع البطن _v0 |
||
| 650 | 0 | 4 | _aالطب |
| 650 | 0 | 4 | _aالامراض |
| 650 | 0 | 4 | _aالامعاء - امراض |
| 650 | 0 | 4 | _aالاسهال |
| 650 | 0 | 4 | _aالامساك |
| 942 |
_2ddc _cBK |
||
| 999 |
_c49506 _d49506 |
||